00398nam a2200133 a 4500020001500000082001200015100002200027245004800049250001100097260004300108300001300151650005600164856004400220 a0534073767 a547 BRO1 aBrown, William H.10a Introduction to organic and Biochemistry / a4 ed. aCaliforniabBrooks/Cole Pub Co,c1987. a550 p. ; achemistryachemistry organicachemistry biologicalc40uhttp://www.amazon.com/exec/obidos/ASIN/